<?xml version="1.0" encoding="UTF-8" ?>
<collection xmlns="http://www.loc.gov/MARC21/slim"><record><leader>00741nam a2200217 c 4500</leader><controlfield tag="001">118267</controlfield><controlfield tag="003">Zü176</controlfield><controlfield tag="005">20170123154256.0</controlfield><datafield tag="035" ind1=" " ind2=" "><subfield code="a">(OCoLC)906819438</subfield></datafield><datafield tag="041" ind1=" " ind2=" "><subfield code="a">fre</subfield></datafield><datafield tag="245" ind1="0" ind2="0"><subfield code="a">Intervention surréaliste</subfield><subfield code="c">[réd. en chef E. L. T. Mesens]</subfield><subfield code="h">Buch</subfield></datafield><datafield tag="260" ind1=" " ind2=" "><subfield code="a">Bruxelles</subfield><subfield code="b">[s. n.]</subfield><subfield code="c">1934</subfield></datafield><datafield tag="300" ind1=" " ind2=" "><subfield code="a">94-[10] S.</subfield><subfield code="b">Ill.</subfield><subfield code="c">24 cm</subfield></datafield><datafield tag="440" ind1=" " ind2=" "><subfield code="a">Documents</subfield><subfield code="v">N.S. 1(1934), numéro spécial</subfield></datafield><datafield tag="650" ind1="0" ind2="4"><subfield code="a">Surrealismus</subfield></datafield><datafield tag="651" ind1="0" ind2="4"><subfield code="a">Zürich</subfield><subfield code="x">Kunsthaus &lt;Zürich&gt;</subfield><subfield code="x">Dadaismus</subfield><subfield code="x">Sammlung</subfield></datafield><datafield tag="700" ind1="1" ind2="0"><subfield code="a">Mesens, Edouard L. T. </subfield><subfield code="d">1903-1971</subfield><subfield code="e">Red.</subfield></datafield><datafield tag="710" ind1="2" ind2="0"><subfield code="a">Kunsthaus &lt;Zürich&gt;</subfield></datafield><datafield tag="773" ind1=" " ind2=" "><subfield code="t">Documents</subfield><subfield code="w">(Zü176)118266</subfield></datafield><datafield tag="852" ind1="4" ind2="0"><subfield code="a">CH-000273-5</subfield><subfield code="c">DADA III:75</subfield></datafield><datafield tag="856" ind1="4" ind2="1"><subfield code="u">https://digital.kunsthaus.ch/viewer/image/118267/1/</subfield><subfield code="y">Kunsthaus Zürich Sammlungen online</subfield></datafield></record></collection>